01053 2200229 4500001002100000005001500021035002000036007000300056008004100059020002200100082001200122084001800134100003300152245010600185250001200291260004800303300004500351700002800396650002900424520035300453990001700806INLIS00000000000097920260507081817 a0010-0823000143ta260507 c 0 ind  a978-979-055-508-2 a297.911 a297.911 NUR i0 aNurul Asmayani ( Pengarang )1 aIbadah rasulullah :bahli ibadah yang penuh syukur /cnurul Asdmaniyah ,dkk ; ilustrator ade wawa,dkk a-cet 7 aBandung :bSygma Creative Media Corp,c2020 a48 :bilus. ;gambar berwarna ;c27 cme-0 aAde Wawa ( Ilustrator ) 4aislam - bacaan anak-anak a' Aisyah r.a. berkata, "Rasulullah SAW. salhat malang sampai pecah-pecah (bengkak) kedua kekinya lalu aku pun bertanya kepada beliau, 'mengapa engkau lakukan ini wahai Rasulullah? padahal, engkau telah diampuni dosamu yang lalu dan yang akan datang?' beliau bersabda, 'tidakkah sepatutnya aku menjadi hamba yang bersyukur?'" (HR Bukhari dan Muslim) a00010/K/2021